000 00381cam a22001217a 4500
008 180718b1949 xxu||||| |||| 00| 0 eng d
082 _aG93x54 M297/Ai98
100 _aAiyangar, K.V. Rangaswami
245 _aAspects of the social and political systems of Manusmriti
_cby K.V. Rangaswami Aiyangar
260 _aLucknow
_bLucknow Univ.
_c1949
300 _a104p.
650 _aLaw, Hindu
999 _c357204
_d357204